Modern production typing with Filipino (Record no. 69203)

MARC details
000 -LEADER
fixed length control field 00523nam a22001817a 4500
005 - DATE AND TIME OF LATEST TRANSACTION
control field 20230418093856.0
040 ## - CATALOGING SOURCE
Transcribing agency urs
050 ## - LIBRARY OF CONGRESS CALL NUMBER
Classification number Z 49 P56 1987
100 ## - MAIN ENTRY--PERSONAL NAME
9 (RLIN) 3524
Personal name Pineda, Dolores C.
Relator term author
245 ## - TITLE STATEMENT
Title Modern production typing with Filipino
Statement of responsibility, etc Dolores C. Pineda
250 ## - EDITION STATEMENT
Edition statement Revised edition
260 ## - PUBLICATION, DISTRIBUTION, ETC. (IMPRINT)
Place of publication, distribution, etc Mandaluyong City
Name of publisher, distributor, etc National Book Store
Date of publication, distribution, etc 1987
336 ## - CONTENT TYPE
Source rdacontent
Content type term text
Content type code txt
337 ## - MEDIA TYPE
Source rdamedia
Media type term unmediated
Media type code n
338 ## - CARRIER TYPE
Source rdacarrier
Carrier type term volume
Carrier type code nc
650 #0 - SUBJECT ADDED ENTRY--TOPICAL TERM
9 (RLIN) 3525
Topical term or geographic name as entry element Typewriting
942 ## - ADDED ENTRY ELEMENTS (KOHA)
Source of classification or shelving scheme Library of Congress Classification
Koha item type Filipiniana
Holdings
Withdrawn status Lost status Source of classification or shelving scheme Damaged status Not for loan Home library Current library Shelving location Date acquired Total Checkouts Full call number Barcode Date last seen Price effective from Koha item type
    Library of Congress Classification     Binangonan College Library Binangonan College Library Filipiniana Section 04/18/2023   Z 49 P56 1987 URSBIN-2570 04/18/2023 04/18/2023 Filipiniana

University of Rizal System
Email us at univlibservices@urs.edu.ph

Visit our Website www.urs.edu.ph/library